Castellano: tercer año básico
Gardado en:
| Autor Principal: | |
|---|---|
| Formato: | Libro |
| Idioma: | Lingua castelá |
| Publicado: |
Santiago
Andrés Bello
1981
|
| Series: | Textos Escolares Andrés Bello
|
| Subjects: | |
| Tags: |
Engadir etiqueta
Sen Etiquetas, Sexa o primeiro en etiquetar este rexistro!
|
MARC
| LEADER | 00000nam a2200000 a 4500 | ||
|---|---|---|---|
| 001 | UCL1895 | ||
| 003 | CL-VaPUC | ||
| 008 | 030926e19810000CL |||||||||||||||||spa|d | ||
| 082 | 0 | 4 | |a 372.6 |b SCH |2 21 |
| 100 | 0 | |a Schalchli Matamala, Lina |e author |9 478817 | |
| 245 | 1 | 0 | |a Castellano: tercer año básico |
| 300 | |a 144 p | ||
| 942 | |c BK | ||
| 945 | |d 20030926 00:00:00 |a cmena | ||
| 260 | |a Santiago |b Andrés Bello |c 1981 | ||
| 650 | 0 | |a Educación lingüística |9 306506 | |
| 650 | 0 | |a Educación básica |9 224933 | |
| 650 | 0 | |a Métodos de enseñanza |9 270413 | |
| 583 | |a last modification |c 20030926 00:00:00 |k Rodrigo Vera | ||
| 490 | 0 | |a Textos Escolares Andrés Bello | |
| 999 | |c 305333 |d 305331 | ||
| 952 | |0 0 |1 0 |4 0 |6 372_600000000000000_SCH_1981 |7 0 |8 P |9 368802 |a BIBEDU |b BIBEDU |c BIBEDU_PB |d 2019-11-21 |i 3942449 |o 372.6 SCH 1981 |p 3942449 |r 2024-01-25 |w 2019-11-21 |y BK |k EBA | ||
| 952 | |0 0 |1 0 |4 0 |6 372_600000000000000_SCH_1981 |7 0 |8 P |9 368803 |a BIBEDU |b BIBEDU |c BIBEDU_PB |d 2019-11-21 |i 3942430 |o 372.6 SCH 1981 |p 3942430 |r 2024-01-25 |w 2019-11-21 |y BK |k EBA | ||